000 00407nam a22001697a 4500
003 MPLRDC
005 20220104144406.0
008 210129b ||||| |||| 00| 0 eng d
082 _a388.796 HMH
100 _a黄美华、曲韵芳主编
245 _a五步蛇
_c
250 _a初版
260 _a
_b科学出版社
_c1983
300 _b
650 _a爬虫类--蛇类
942 _cBK
_o388.796 HMH
999 _c49170
_d49160